Score 0/40 Timer 04:00
1 Play Today
Question Answer Wrong Answers
Cars Lightning McQueen
92.7%
Ford Prefect
2.6%
Iron Man Tony Stark
91.6%
Ned Stark
3.6%
The Lord of the Rings Gandalf
91.6%
Ganondorf
3.7%
The Hitchhiker's Guide to the Galaxy Ford Prefect
89.9%
Lightning McQueen
5.2%
Finding Nemo Dory
89.8%
Dori
5.4%
The Legend of Zelda Ganondorf
88.7%
Gandalf
6.5%
Game of Thrones Ned Stark
88.4%
Tony Stark
6.8%
Anchorman Ron Burgundy
88.4%
Ron Swanson
6.6%
Masters of the Universe Skeletor
88%
Shredder
7.1%
Twilight Bella Swan
87.8%
Emma Swan
7.3%
Tom Clancy series Jack Ryan
87.6%
Jack Bauer
7.5%
Parks and Recreation Ron Swanson
87.4%
Ron Burgundy
7.6%
The Smurfs Gargamel
87.2%
Goneril
7.9%
Teenage Mutant Ninja Turtles Shredder
87%
Skeletor
8.1%
The Hobbit Dori
86.4%
Dory
8.8%
King of the Hill Peggy Hill
86.3%
Peggy Olson
8.7%
Psycho Norman Bates
86.1%
Patrick Bateman
9%
Two and a Half Men Charlie Harper
85.3%
Charlie Kelly
9.7%
24 Jack Bauer
84.9%
Jack Ryan
10.1%
That '70s Show Kitty Forman
84.9%
Kitty Pryde
10%
Cheers Sam Malone
82.7%
Sam Beckett
12.3%
Mad Men Peggy Olson
82%
Peggy Hill
13%
Once Upon a Time Emma Swan
81%
Bella Swan
14%
Quantum Leap Sam Beckett
80%
Sam Malone
14.9%
King Lear Goneril
79.9%
Gargamel
15%
X-Men Kitty Pryde
79.8%
Kitty Forman
15.1%
Escape From New York Snake Plissken
78.5%
Snake Jailbird
16.2%
Orange is the New Black Piper Chapman
76.3%
Piper Halliwell
18.6%
American Psycho Patrick Bateman
76.1%
Norman Bates
18.9%
Animal Farm Snowball
74.8%
Bigwig
20.1%
Final Fantasy VII Cloud Strife
74.6%
Fox McCloud
19.9%
Archer Lana Kane
74.3%
Lana Lang
20.6%
The Simpsons Snake Jailbird
74%
Snake Plissken
21%
Star Fox Fox McCloud
73.6%
Cloud Strife
21.1%
Mortal Kombat Liu Kang
72.9%
Wang Lung
21.9%
Charmed Piper Halliwell
71.1%
Piper Chapman
23.7%
It's Always Sunny in Philadelphia Charlie Kelly
70.1%
Charlie Harper
24.8%
Watership Down Bigwig
69.9%
Snowball
24.8%
The Good Earth Wang Lung
67.4%
Liu Kang
27.3%
Superman Lana Lang
65.5%
Lana Kane
29.7%
Remove Ads.
Support Sporcle.
Get the best of Sporcle when you Go Orange. This ad-free experience offers more features, more stats, and more fun while also helping to support Sporcle. Thank you for becoming a member.

You're not logged in!

Compare scores with friends on all Sporcle quizzes.
OR
Log In

Show Comments

Extras

Top Quizzes Today


Score Distribution

Your Account Isn't Verified!

In order to create a playlist on Sporcle, you need to verify the email address you used during registration. Go to your Sporcle Settings to finish the process.

Report this User

Report this user for behavior that violates our Community Guidelines.

Details: